| 000 | 00540nam a22001697a 4500 | ||
|---|---|---|---|
| 003 | OSt | ||
| 005 | 20241107135816.0 | ||
| 008 | 241107b |||||||| |||| 00| 0 eng d | ||
| 040 | _c0 | ||
| 082 | _aDPer050 M72 January-March 2018 v. 66 no. 8-10 | ||
| 100 |
_aGatat, Beita T. _eauthor. _963747 |
||
| 245 |
_aAcceptiong your assismnment / _cBeita T. Gatat, |
||
| 260 |
_aManila, Philippines ; _bIn the Grade School, Inc, _cMarch 2019. |
||
| 300 | _aVolume 66, pages 369,370. | ||
| 700 |
_aGatat, Beita T. _eauthor. _963747 |
||
| 942 |
_2ddc _cPER |
||
| 999 |
_c23080 _d23080 |
||